000 00315 a2200157 4500
001 161037
020 _a
040 _cMagnum
100 _aRennĂ³, Regina Coeli
240 1 0 _aPe o pato diferente
_lpor
245 1 0 _aPe o pato diferente
362 0 _a1899
440 1 _aFTD
697 _aI/GERAL
942 _cBK
999 _c161037
_d161037